Score 0/30 Timer 04:00
18 Plays Today
% Correct
Nuts
93.7%
Bears
93.2%
Spiders
93.2%
Tropical Storms
93%
Birds
92.7%
Muscles
92.7%
Military Branches
92.3%
Shoes
91.9%
Reindeer
91.3%
Greek Gods
90.7%
Apes
90.5%
Clouds
89.8%
NFL Teams
89.5%
Premier League Clubs
87.3%
Gun Manufacturers
86%
% Correct
Fonts
85.7%
Female Animals
85.6%
US Vice Presidents
85.3%
Shades of Blue
85.3%
Swords
85.1%
British Royal Houses
85%
Comets
85%
Indonesian Islands
82.4%
USS Enterprise Officers
80.7%
Ships
79.2%
NASA Programs
74.1%
Fish Fins
72.3%
Pirates
71.3%
Avengers
70.7%
X-Men
70%
Remove Ads.
Support Sporcle.
Get the best of Sporcle when you Go Orange. This ad-free experience offers more features, more stats, and more fun while also helping to support Sporcle. Thank you for becoming a member.

You're not logged in!

Compare scores with friends on all Sporcle quizzes.
OR
Log In

Show Comments

Extras

Top Quizzes Today


Score Distribution

Your Account Isn't Verified!

In order to create a playlist on Sporcle, you need to verify the email address you used during registration. Go to your Sporcle Settings to finish the process.

Report this User

Report this user for behavior that violates our Community Guidelines.

Details: